Responses for show #4779 - Thursday, May 19, 2005

2005 Ultimate Tournament of Champions Round 4, game 3.

Contestants

John Cuthbertson, an investment analyst from San Diego, California

Chris Miller, a retail specialist from Louisville, Kentucky

Brad Rutter, a TV quiz show host from Lancaster, Pennsylvania

Jeopardy! Round responses

FRISKY PRESIDENTS
TRUE CRIME
STATES BY COUNTIES
ANIMAL SHELTERS
"W"HO CAN IT BE NOW?
AN ATTRACTIVE PREPOSITION
(Alex: ...not proposition.)
    $200 6
Lincoln

Brad
    $200 11
assault

Brad
    $200 1
Florida

Brad
    $200 26
burrows

Brad
    $200 21
John Wayne

Brad
    $200 14
by

Chris
    $400 7
Jefferson

Brad
    $400 12
(Eric) Rudolph

Brad
    $400 2
(Brad: What is Wyoming?)

Montana

BradChris
    $400 27
a stable

Brad
    $400 22
(Alex: Tarzan.)

(Johnny) Weissmuller

Brad
    $400 15
the over

Brad
    $600 8
Eisenhower

Brad
    $600 13
cattle rustling

John
    $600 3
Kentucky

Chris
    $600 28
a sheepfold

Triple Stumper
    $600 23
Harold Washington

John
    $600 18
(John: What is, uh, ahead of?)
...
(Alex: You were on the right track, though, John.)

behind

BradJohn
    $800 9
Harding

Brad
    $800 16
the SLA (the Symbionese Liberation Army)

Brad
    $800 4
Maryland

Brad
    $800 29
an aquarium

John
    $800 24
Gene Wilder

Triple Stumper
    $800 19
betwixt

Brad
    $1000 10
(Grover) Cleveland

Brad
    $1000 17
(Chris: Who are the Boxers?)

triads

ChrisJohn
    $1000 5
Oregon

John
    $1000 30
dovecotes

Triple Stumper
    $1000 25
P.G. Wodehouse

Chris
    $4,800 20
(Brad: What is circa?)
(Alex: Ah, no. What is [*].)
(Brad: Oh! Yes.)
(Alex: To stand [*] the king. To stand [*] the host.)
(Brad: Now I see.)

before

Brad

Scores at the first commercial break (after clue 15):

Brad Chris John
$4,600 $1,200 $1,600

Scores at the end of the Jeopardy! Round:

Brad Chris John
$3,200 $1,200 $3,400

Double Jeopardy! Round responses

EUROPEAN ARCHITECTS
CREATURE FEATURE
18th CENTURY POTPOURRI
SYMPHONIES
WE RULE
"MAL" PRACTICE
    $400 2
(Brad: What is Berlin?)

Vienna

BradChris
    $400 26
Dragon

Brad
    $400 13
molasses

Chris
    $400 4
the dance

John
    $400 21
Elizabeth II

Brad
    $400 1
a malapropism

Brad
    $800 9
Wren

Brad
    $800 27
Fish

Brad
    $800 17
a loom

Brad
    $800 5
London

John
    $800 22
Lili'uokalani

Brad
    $800 3
malt liquor

John
    $1200 10
Saarinen

Brad
    $1200 28
Kangaroo

Chris
    $1200 18
Enlightenment

Brad
    $3,000 6
(Dmitri) Shostakovich

John
    $1200 23
Victor Emmanuel II

Triple Stumper
    $1200 14
malfeasance

John
    $1600 11
(John: Who was Frank Lloyd Wright?)
(Alex: No.)
(John: Oh, gosh. European!)

Le Corbusier

John
Triple Stumper
    $1600 29
Bear

Triple Stumper
    $1600 19
press gangs

Brad
    $1600 7
(Brad: Who are the Hapsburgs?)

the Haffner family

Brad
Triple Stumper
    $1,000 24
Meiji

Brad
    $1600 15
malaise

Brad
    $2000 12
Charles Garnier

Triple Stumper
    $2000 30
Rabbit

Chris
    $2000 20
the Jesuits

Triple Stumper
    $2000 8
(Henryk) Gorecki

Triple Stumper
    $2000 25
Charles (or Henry)

Brad
    $2000 16
Malawi

Chris

Scores at the end of the Double Jeopardy! Round:

Brad Chris John
$14,200 $7,200 $8,000

[wagering suggestions for these scores]

Final Jeopardy! Round responses

NUCLEAR POWER
(Alex: I think the first part of the clue was the most helpful part of the clue. You have to go back to World War II to make it work for you.)
...
(Alex: The University of Chicago, the first reactor--yes, Enrico Fermi.)
...
(Alex: Brad Rutter had $14,200. He's giving me that look. Why? He picked Tennessee, thinking of Oak Ridge, I'm sure.)
(Brad: Yep.)
ChrisWhat is Illinois?
$2,800
JohnWhat is Illinois?
$5,500
BradWhat is Tennessee?
$4,200
Illinois

Final scores:

Brad Chris John
$10,000 $10,000 $13,500

Game dynamics:

Coryat scores:

Brad Chris John
$19,600 $7,200 $6,200
30 R
(including 1 DD),
4 W
(including 1 DD)
9 R,
1 W
10 R
(including 1 DD),
2 W

Combined Coryat: $33,000

The J! Archive is created by fans, for fans. The Jeopardy! game show and all elements thereof, including but not limited to copyright and trademark thereto, are the property of Jeopardy Productions, Inc. and are protected under law. This website is not affiliated with, sponsored by, or operated by Jeopardy Productions, Inc. Join the discussion at JBoard.tv.